| 000 | 00816nam a2200241 a 4500 | ||
|---|---|---|---|
| 001 | 000005604 | ||
| 005 | 20240530073911.0 | ||
| 008 | 090820s2008 dr a 000 f spa d | ||
| 020 | _a9789993425748 | ||
| 040 |
_aDO-SdBNP _bspa _cBNPHU |
||
| 082 |
_aRD863.44 _bC965sa |
||
| 100 | 1 |
_aCuello, César _911768 |
|
| 245 | 1 | 0 |
_aSaturno devorado por el padre tiempo / _cCésar Cuello ; ilustraciones Manuel Almonte. |
| 260 |
_aSanto Domingo : _bINTEC, _c2008. |
||
| 300 |
_a257 P. : _bil. ; _c21 cm. |
||
| 500 | _aIncluye datos biográficos del autor. | ||
| 590 | _aInventariado, 2020/YL | ||
| 650 | 0 |
_aNovela dominicana _9223 |
|
| 650 | 0 |
_aLiteratura dominicana. _967 |
|
| 700 | 1 |
_aAlmonte, Manuel, _eil. _915818 |
|
| 710 | 2 |
_aInstituto Tecnológico de Santo Domingo _978911 |
|
| 910 | _aValidado. Control de calidad. MMF | ||
| 999 |
_c5403 _d5403 |
||